|
|
|
|
| LEADER |
00000nam a22000007a 4500 |
| 005 |
20220720220425.0 |
| 007 |
cr|||| |||| |
| 008 |
220720s2019 br |||||s|||| 00||0 por d |
| 020 |
|
|
|a 978-85-93741-56-2
|
| 035 |
|
|
|a 36769
|
| 040 |
|
|
|a vLex
|
| 090 |
|
|
|c 13635
|d 13635
|
| 100 |
1 |
|
|a de Moraes Mello, Cleyson
|
| 245 |
1 |
0 |
|a Direito e globalizaȯ̂
|h [Recurso electrn̤ico] :
|b Homenagem ao Professor Carlos Eduardo Japiass ︢/
|c Cleyson de Moraes Mello, Vanderlei Martins
|n volume 3
|
| 256 |
|
|
|a Servicio en ln̕ea
|
| 260 |
|
|
|a Rio de Janeiro:
|b Editora Processo,
|c 2019
|
| 300 |
|
|
|a 1 recurso electrn̤ico
|
| 506 |
1 |
|
|a Disponible solo en los productos indicados
|d vLex Global
|d vLex Global (Academic Edition, excluding Law Schools)
|d vLex Global (U.S. Academic Edition, Law Schools)
|d vLex Global (U.S. Academic Edition, excluding Law Schools)
|d vLex Global (Academic Edition, Law Schools)
|
| 650 |
0 |
4 |
|a Derecho Civil
|z Brasil
|
| 650 |
0 |
4 |
|a Cd̤igo Civil
|z Brasil
|
| 650 |
0 |
4 |
|a Derecho Penal
|z Brasil
|
| 650 |
0 |
4 |
|a Derecho Constitucional
|z Brasil
|
| 700 |
1 |
|
|a Martins, Vanderlei
|
| 740 |
0 |
|
|a vLex Libros (Servicio en ln̕ea)
|
| 856 |
4 |
0 |
|u https://app.vlex.com/#/sources/36769
|z Acceso restringido
|
| 942 |
|
|
|c BOOK
|
| 999 |
0 |
|
|a Civil Law
|
| 999 |
0 |
|
|a Civil Code
|
| 999 |
0 |
|
|a Criminal Law
|
| 999 |
0 |
|
|a Constitutional Law
|